Maskotit kuvavisa - Statistics

Yleistilastot
  • Tätä visaa on pelattu 30 kertaa
    13 viimeisimmän päivityksen jälkeen
  • Keskiarvotulos 18 / 36
Vastaustilastot
Kuvavisa Vastaus % Oikein
ABC / Apsi apina
100%
K-citymarket / Mammutti
100%
Serla / Orava
100%
Haribo
91%
Mehukatti
91%
Panda
91%
Paula vanukas / Paula-Lehmä
91%
Silja Line / Harri hylje
91%
Vikingline / Ville Viking
91%
Linnanmäki / Rolle
82%
Puuhamaa / Puuhanalle
82%
Särkänniemi / Pouta possu
82%
Tykkimäki / Kerttu ja Kusti
82%
Osuuspankki / Hippo
73%
Sokos Hotels / Onni orava
64%
Kärkkäinen / Sikapäivät
55%
Pingviini
55%
Stockmann / Huhuu haamu
55%
Lambi / Lammas
45%
Kemin Lumilinna / Arttu ja Terttu
36%
Lasten klinikoiden kummit ry / Teemu-nalle
36%
Ranua Zoo / Jonne jääkarhu
36%
Chiquita
27%
Lännentila / Bison
27%
Tivoli Sariola / Virtahepo Hummeli
18%
Kauppakeskus Seppä / Seppäkerttu
9%
Oma sp / Norppa
9%
Pikkujätti / Koirat
9%
POP-pankki / Poppi papukaija
9%
Tytyrin elämyskaivos / Rönni-Peikko
9%
Vauhtipuisto / Vipsu
9%
Wsoy/ Oppi ja ilo / Yrre-orava
9%
Lähitapiola / Kamu-kissa
0%
Lidl / Lido Lohikäärme
0%
Näkövammaisten liitto / Opaskoira Viki
0%
Säästöpankki / Osmo
0%
Ehtoja vastaavia visoja ei löytynyt
Tulosjakauma
Jokaisen tuloksen saaneiden osuus
Persentiili vastausten määrän mukaan
Tuloshistoriasi
Et ole pelannut tätä visaa sen viimeisimmän päivityksen jälkeen